Paz en Centroamerica de Nassau a Esquipulas /

Guardat en:
Dades bibliogràfiques
Autor principal: Murillo Zamora, Carlos
Format: Desconegut
Idioma:Spanish
Publicat: San José, Costa Rica : EUCR, 1999.
Matèries:
Etiquetes: Afegir etiqueta
Sense etiquetes, Sigues el primer a etiquetar aquest registre!

MARC

LEADER 000000000a22000000004500
001 006723
020 |a 9977675775 
041 0 |a spa 
082 0 4 |a 327.172   |b M977p 
100 1 |a Murillo Zamora, Carlos 
245 1 0 |a Paz en Centroamerica de Nassau a Esquipulas /   |c Carlos Murillo Zamora. 
260 1 |a San José, Costa Rica :   |b EUCR,   |c 1999. 
300 |a 513 páginas 
650 4 |a PAZ 
650 4 |a AMERICA CENTRAL 
650 4 |a POLITICA 
999 |c 12166  |d 12166 
942 |c BK  |h 327.172 M977p  |2 z